000 00577nam a2200205Ia 4500
005 20250508154657.0
008 008 250505s9999 xx 000 0 eng d
037 _aTextual
040 _aFEDL
_beng
_cFEDL
041 _aeng
_2eng
084 _a330.7, AND
_qFEDL
100 _aArnold C. Ed.
245 0 _aEducation and economic development
260 _aLondon, UK
_bFrank Cass and Company Limited
_c1965
300 _ax,436p.
650 _aEconomics
700 _a Bowman Mary Jean Ed.
_9765842
942 _cTEXL
_h330.7, AND
999 _c1351550
_d1351550